[Event "Wch U10"]
[Site "Batumi"]
[Date "2016.10.29"]
[Round "10"]
[White "Waser, Timon"]
[Black "Laturkar, Iraj"]
[Result "0-1"]
[WhiteElo "1346"]
[BlackElo "1043"]
[PlyCount "64"]
[EventDate "2016.10.19"]
[EventType "swiss"]
[EventRounds "11"]
[EventCountry "GEO"]
[SourceTitle "EXT 2018"]
[Source "ChessBase"]
[SourceDate "2017.10.13"]
[SourceVersion "1"]
[SourceVersionDate "2017.10.13"]
[SourceQuality "1"]

1. e4 e5 2. Nf3 Nc6 3. Nc3 Nf6 4. Bb5 Nd4 5. Ba4 c6 6. Nxe5 Qe7 7. Nf3 Nxe4 8. 0-0 Nxc3 9. dxc3 Ne6 10. Re1 g6 11. Bg5 f6 12. Bf4 a5 13. Nd4 b5 14. Bb3 a4 15. Bxe6 dxe6 16. Nxc6 Qb7 17. Nd4 e5 18. Nf3 Be7 19. Nxe5 fxe5 20. Bxe5 0-0 21. Qd4 Qd7 22. Qe3 Bh4 23. g3 Be7 24. Rad1 Qh3 25. Qe4 Bg4 26. Qd5+ Rf7 27. Qxa8+ Bf8 28. Rd3 h6 29. Qg2 Qh5 30. Rd5 Bf3 31. Qf1 Bxd5 32. Qxb5 Qf3 0-1

[Event "EU Union-ch U10 14th"]
[Site "Mureck"]
[Date "2016.08.09"]
[Round "7"]
[White "Waser, Timon"]
[Black "Maiberg, Leon"]
[Result "0-1"]
[WhiteElo "1496"]
[BlackElo "1231"]
[PlyCount "64"]
[EventDate "2016.08.03"]
[EventType "swiss"]
[EventRounds "9"]
[EventCountry "AUT"]
[SourceTitle "CBM 174 Extra"]
[Source "ChessBase"]
[SourceDate "2016.10.10"]
[SourceVersion "1"]
[SourceVersionDate "2016.10.10"]
[SourceQuality "1"]

1. e4 c6 2. c4 d5 3. exd5 cxd5 4. cxd5 Nf6 5. Bb5+ Bd7 6. Bc4 Bf5 7. Nc3 a6 8. d4 Nbd7 9. Nf3 Nb6 10. Bb3 Nbxd5 11. Ne5 e6 12. 0-0 Bb4 13. Bd2 0-0 14. Nxd5 Nxd5 15. Bxd5 Bxd2 16. Bxe6 Bxe6 17. Qxd2 f6 18. Nf3 Bg4 19. Qf4 Bxf3 20. Qxf3 Qxd4 21. Qxb7 Rfb8 22. Rfd1 Qxd1+ 23. Rxd1 Rxb7 24. b3 Re8 25. Kf1 Rc7 26. a4 Rc2 27. f3 Ree2 28. Rd8+ Kf7 29. Rd7+ Kg6 30. Rd6 Red2 31. Rxd2 Rxd2 32. Ke1 Rxg2 0-1

[Event "SUI-ch U10"]
[Site "Kreuzlingen"]
[Date "2016.07.02"]
[Round "5"]
[White "Waser, Timon"]
[Black "Gamsa, Clemens"]
[Result "1/2-1/2"]
[WhiteElo "1443"]
[BlackElo "1634"]
[PlyCount "92"]
[EventDate "2016.06.30"]
[EventType "tourn"]
[EventRounds "7"]
[EventCountry "SUI"]
[SourceTitle "EXT 2017"]
[Source "ChessBase"]
[SourceDate "2016.10.25"]
[SourceVersion "1"]
[SourceVersionDate "2016.10.25"]
[SourceQuality "1"]

1. e4 c5 2. Nf3 e6 3. Nc3 Nc6 4. d3 Be7 5. b3 d5 6. Bb2 d4 7. Ne2 e5 8. Nd2 b5 9. a4 b4 10. Nc4 f6 11. f3 Nh6 12. g4 Be6 13. Nd2 g6 14. h4 f5 15. g5 Nf7 16. Bh3 Qd7 17. Ng3 fxe4 18. Bxe6 Qxe6 19. fxe4 Kd7 20. Qe2 Rhf8 21. 0-0-0 Nd6 22. Ndf1 Rf4 23. Kb1 Raf8 24. Qg2 Kc7 25. Bc1 Rf2 26. Qh3 Qf7 27. Rg1 Na5 28. Nh2 Qg8 29. Rd2 Rxd2 30. Bxd2 Rf2 31. Rg2 Rxg2 32. Qxg2 Nxb3 33. Kb2 Nxd2 34. Qxd2 Qe8 35. Kb3 Nb7 36. Ng4 Na5+ 37. Kb2 Kd6 38. Qc1 Qxa4 39. Qa1 Qxa1+ 40. Kxa1 Nc6 41. Ka2 a5 42. Kb3 Ke6 43. Ne2 Kd6 44. Ka4 Kc7 45. Nc1 Kb6 46. Nb3 Bd8 1/2-1/2

[Event "SUI-ch U10"]
[Site "Kreuzlingen"]
[Date "2016.07.01"]
[Round "4"]
[White "Spichtig, Elija"]
[Black "Waser, Timon"]
[Result "1/2-1/2"]
[WhiteElo "1495"]
[BlackElo "1443"]
[PlyCount "79"]
[EventDate "2016.06.30"]
[EventType "tourn"]
[EventRounds "7"]
[EventCountry "SUI"]
[SourceTitle "EXT 2017"]
[Source "ChessBase"]
[SourceDate "2016.10.25"]
[SourceVersion "1"]
[SourceVersionDate "2016.10.25"]
[SourceQuality "1"]

1. e4 e5 2. Nf3 Nc6 3. Bc4 Bc5 4. b4 Bxb4 5. c3 Ba5 6. d4 Qe7 7. Ba3 d6 8. Qa4 exd4 9. Nxd4 Qxe4+ 10. Ne2 Bd7 11. Bxf7+ Kxf7 12. Qxe4 Nf6 13. Qc2 Rhe8 14. 0-0 Re5 15. Ng3 Rae8 16. Nd2 b5 17. Nf3 Rd5 18. c4 Nd4 19. Nxd4 Rxd4 20. cxb5 Bxb5 21. Rfd1 Ba4 22. Qb2 Bxd1 23. h3 Rd3 24. Kh2 Bc3 25. Rxd1 Bxb2 26. Rxd3 Bxa3 27. Rxa3 Ra8 28. Nf5 a6 29. Nd4 Nd7 30. Nc6 Nc5 31. f3 Ke8 32. Kg3 Kd7 33. Nd4 c6 34. Kf4 Ne6+ 35. Ke4 Nxd4 36. Kxd4 a5 37. g4 Ke6 38. Re3+ Kf6 39. f4 Rb8 40. f5 1/2-1/2

[Event "SUI-ch U10"]
[Site "Kreuzlingen"]
[Date "2016.06.30"]
[Round "2"]
[White "Zweifel, Gavin"]
[Black "Waser, Timon"]
[Result "0-1"]
[WhiteElo "1573"]
[BlackElo "1443"]
[PlyCount "62"]
[EventDate "2016.06.30"]
[EventType "tourn"]
[EventRounds "7"]
[EventCountry "SUI"]
[SourceTitle "EXT 2017"]
[Source "ChessBase"]
[SourceDate "2016.10.25"]
[SourceVersion "1"]
[SourceVersionDate "2016.10.25"]
[SourceQuality "1"]

1. e4 e5 2. Nf3 Nc6 3. Bc4 Bc5 4. c3 Nf6 5. d4 exd4 6. e5 d5 7. Be2 Nd7 8. cxd4 Bb4+ 9. Nc3 Nf8 10. 0-0 Ne6 11. Be3 Bd7 12. Nxd5 Bc8 13. Qb3 Ba5 14. Rac1 Bb6 15. Nxb6 axb6 16. d5 Na5 17. Qc2 Qxd5 18. Rfd1 Qc6 19. Qb1 Nc5 20. b4 Qe6 21. bxc5 bxc5 22. Rxc5 b6 23. Rcd5 Bb7 24. R5d2 Nc6 25. Bb5 0-0 26. Ng5 Qg6 27. Bd3 Qh5 28. Bxh7+ Kh8 29. Rd7 Nxe5 30. Rxc7 Rab8 31. Qf5 Qxd1# 0-1